000 00653nam a2200205Ii 4500
001 8479
003 CO-ViMGA
008 241108s9999||||xx |||||||||||||| ||und||
040 _aCO-ViMGA
_bspa
_erda
_cCO-ViMGA
041 0 _aspa
082 0 4 _a808.85 C261
100 1 _aEduardo Carranza
_946264
245 1 0 _aTestimonio de una generación :
_bpalabras de Eduardo Carranza y Joaquín Piñeros Corpas
264 1 _aBogotá, Colombia : Instituto Caro y Cuervo, 1977
300 _avolumen
336 _atext
_btxt
_2rdacontent
337 _aunmediated
_bn
_2rdamedia
338 _avolume
_bnc
_2rdacarrier
940 _aidficha_siabuc: 8284. -- ficha_no_siabuc:8479
999 _c40822
_d40822